00843nam a2200217 i 450000100060000000300090000600500170001500700030003200800410003510000290007624500590010525000130016426000520017730000280022949000560025760000790031383000640039285200310045699900170048795201210050430701ES-MaACL20230906154235.0t|030127s1929 fr ||||1| fre d1 aBatiffol, Pierre.92642513aLe catholicisme de Saint Augustin / cPierre Batiffol. a5eme ed. aParís : bJ. Gabalda, c1929 (fFirmin Didot) aVIII, 555 p. ; c18 cm.1 aLe catholicisme des origines à Saint Léon ; v304aAgustín cSanto, Obispo de Hipona-xCrítica e interpretación.9189180 aLe catholicisme des origines à Saint Léon ; v39181364 aES-MaACLjD-4680 bR.29582 c30701d30701 00104070aATENEOMbATENEOMcSVId2008-01-17eSCl0oD-4680p901031707r2023-02-23 00:00:00w2023-02-23yMONOGRAFIA